[Event "Mittelrhein Verbandsliga-M 15/16"]
[Site "Nordrheinwestfalen"]
[Date "2016.04.10"]
[Round "10.6"]
[White "Vaskovitch, Mark"]
[Black "Mueller, Helmut1111"]
[Result "1/2-1/2"]
[WhiteElo "1685"]
[BlackElo "1670"]
[PlyCount "42"]
[EventDate "2015.09.06"]
[EventType "team-tourn"]
[EventRounds "11"]
[EventCountry "GER"]
[SourceTitle "EXT 2022"]
[Source "ChessBase"]
[SourceDate "2021.10.06"]
[SourceVersion "1"]
[SourceVersionDate "2021.10.06"]
[SourceQuality "1"]
[WhiteTeam "Koeln Longerich"]
[BlackTeam "Dormagen SV"]
[WhiteTeamCountry "GER"]
[BlackTeamCountry "GER"]

1. e4 e6 2. f4 d5 3. exd5 exd5 4. d4 Bd6 5. Nf3 Ne7 6. Bd3 Bf5 7. 0-0 0-0 8. c3 Nd7 9. Qc2 Bxd3 10. Qxd3 Nf6 11. Be3 Ng4 12. Ne5 Nxe3 13. Qxe3 f6 14. Nd3 Qd7 15. Nd2 Rfe8 16. Qf3 c6 17. Rae1 Qf5 18. g4 Qd7 19. Re2 Ng6 20. Rfe1 Rxe2 21. Rxe2 Nh4 1/2-1/2

[Event "Cologne Longerich op 8th"]
[Site "Cologne"]
[Date "2011.08.12"]
[Round "1"]
[White "Plitt, Stefan"]
[Black "Vaskovitch, Mark"]
[Result "1-0"]
[WhiteElo "1592"]
[BlackElo "1738"]
[PlyCount "93"]
[EventDate "2011.08.12"]
[EventType "swiss"]
[EventRounds "5"]
[EventCountry "GER"]
[SourceTitle "CBM 144 Extra"]
[Source "ChessBase"]
[SourceDate "2011.10.28"]
[SourceVersion "1"]
[SourceVersionDate "2011.10.28"]
[SourceQuality "1"]

1. c4 Nf6 2. Nc3 e6 3. d4 d5 4. Bg5 Be7 5. Nf3 h6 6. Bh4 c6 7. e3 dxc4 8. Bxc4 Nd5 9. Bxe7 Qxe7 10. e4 Nc7 11. Rc1 Nd7 12. 0-0 e5 13. d5 Qb4 14. dxc6 bxc6 15. Qa4 Qxa4 16. Nxa4 0-0 17. Bb3 Bb7 18. Nc5 Nxc5 19. Rxc5 Rae8 20. Rxe5 g6 21. Rd1 Rd8 22. Rxd8 Rxd8 23. Re7 Bc8 24. Rxc7 Be6 25. Kf1 Bxb3 26. axb3 Rb8 27. Rxc6 Rxb3 28. Ra6 Rxb2 29. Rxa7 Rb4 30. Ra8+ Kg7 31. e5 g5 32. h3 Re4 33. Re8 Ra4 34. g4 Ra3 35. Kg2 Ra4 36. Nd2 Rb4 37. Kg3 Rd4 38. Nf1 Kg6 39. Ne3 Rd3 40. e6 fxe6 41. Rxe6+ Kh7 42. Kg2 h5 43. gxh5 Rd4 44. Rg6 Rf4 45. Ng4 Kh8 46. Nf6 Rg4+ 47. Nxg4 1-0

[Event "Cologne Longerich op 7th"]
[Site "Cologne"]
[Date "2010.08.01"]
[Round "5"]
[White "Vaskovitch, Mark"]
[Black "Fieberg, Samuel"]
[Result "1-0"]
[WhiteElo "1777"]
[BlackElo "1355"]
[PlyCount "55"]
[EventDate "2010.07.30"]
[EventType "swiss"]
[EventRounds "5"]
[EventCountry "GER"]
[SourceTitle "EXT 2011"]
[Source "ChessBase"]
[SourceDate "2010.11.26"]
[SourceVersion "1"]
[SourceVersionDate "2010.11.26"]
[SourceQuality "1"]

1. e4 e5 2. Nf3 Nc6 3. Bc4 Bc5 4. 0-0 Nf6 5. d3 h6 6. c3 d6 7. b4 Bb6 8. Be3 0-0 9. h3 Ne7 10. Nbd2 Ng6 11. Kh2 Be6 12. Bb3 Qd7 13. Ng1 Nf4 14. Bxf4 exf4 15. d4 c6 16. Ngf3 g5 17. e5 Nd5 18. Ne4 Qd8 19. Bxd5 cxd5 20. Nf6+ Kg7 21. g3 fxg3+ 22. fxg3 dxe5 23. Nxe5 Qc8 24. Nh5+ Kh7 25. g4 Qxc3 26. Qb1+ Kh8 27. Nf6 Qd2+ 28. Kh1 1-0

[Event "Niedersachsen-ch Seniors op 13th"]
[Site "Bad Bevensen"]
[Date "2010.07.10"]
[Round "5"]
[White "Vaskovitch, Mark"]
[Black "Reimann, Guenther"]
[Result "1-0"]
[WhiteElo "1777"]
[BlackElo "1770"]
[PlyCount "65"]
[EventDate "2010.07.06"]
[EventType "swiss"]
[EventRounds "9"]
[EventCountry "GER"]
[SourceTitle "EXT 2012"]
[Source "ChessBase"]
[SourceDate "2011.11.24"]
[SourceVersion "1"]
[SourceVersionDate "2011.11.24"]
[SourceQuality "1"]

1. e4 e6 2. f4 d5 3. exd5 exd5 4. d4 Bd6 5. Nf3 Nf6 6. Be2 0-0 7. 0-0 Re8 8. Ne5 c5 9. c3 Nbd7 10. Nd2 Qb6 11. Nxd7 Bxd7 12. Nf3 c4 13. Kh1 Rac8 14. Ne5 Bf5 15. Bg4 Nxg4 16. Nxg4 Re7 17. Ne3 Be4 18. Qh5 Qc6 19. f5 f6 20. Ng4 Bd3 21. Rg1 Rce8 22. Bh6 Qc8 23. Bxg7 Kxg7 24. Qh6+ Kh8 25. Nxf6 Rf8 26. Rae1 Rg7 27. Nh5 Rd7 28. Re6 Bxh2 29. Kxh2 Bxf5 30. Rf6 Rff7 31. Rf1 Qc7+ 32. Kg1 Bg6 33. Qf8+ 1-0

[Event "Niedersachsen-ch Seniors op 13th"]
[Site "Bad Bevensen"]
[Date "2010.07.09"]
[Round "4"]
[White "Vaskovitch, Mark"]
[Black "Eidelmann, Vova"]
[Result "0-1"]
[WhiteElo "1777"]
[BlackElo "1991"]
[PlyCount "80"]
[EventDate "2010.07.06"]
[EventType "swiss"]
[EventRounds "9"]
[EventCountry "GER"]
[SourceTitle "EXT 2012"]
[Source "ChessBase"]
[SourceDate "2011.11.24"]
[SourceVersion "1"]
[SourceVersionDate "2011.11.24"]
[SourceQuality "1"]

1. e4 c5 2. f4 d6 3. Nf3 Bg4 4. Be2 Nf6 5. d3 Nc6 6. 0-0 g6 7. c3 Bg7 8. Na3 0-0 9. Nc2 Qc7 10. Ne3 Bd7 11. Qe1 Ng4 12. Nd5 Qd8 13. h3 e6 14. hxg4 exd5 15. exd5 Ne7 16. c4 Bxg4 17. Qh4 h5 18. Rb1 Re8 19. Bd1 Nf5 20. Qxd8 Raxd8 21. Kf2 Bxf3 22. Kxf3 Re7 23. Bd2 Bd4 24. g3 a6 25. a3 Rde8 26. b4 Re3+ 27. Bxe3 Rxe3+ 28. Kg2 Rxg3+ 29. Kh2 Rxd3 30. Rf3 Ne3 31. Ba4 Rxa3 32. Bd7 cxb4 33. Rxb4 Ra2+ 34. Kh3 b6 35. Ra4 Rc2 36. Rxa6 Rxc4 37. Bc6 Rc2 38. Ra8+ Kg7 39. Re8 Ng4 40. Re7 Bf6 0-1

[Event "Niedersachsen-ch Seniors op 13th"]
[Site "Bad Bevensen"]
[Date "2010.07.06"]
[Round "1"]
[White "Geibel, Henning"]
[Black "Vaskovitch, Mark"]
[Result "0-1"]
[WhiteElo "1105"]
[BlackElo "1777"]
[PlyCount "82"]
[EventDate "2010.07.06"]
[EventType "swiss"]
[EventRounds "9"]
[EventCountry "GER"]
[SourceTitle "EXT 2012"]
[Source "ChessBase"]
[SourceDate "2011.11.24"]
[SourceVersion "1"]
[SourceVersionDate "2011.11.24"]
[SourceQuality "1"]

1. d4 Nf6 2. Nf3 d5 3. Bf4 Bf5 4. e3 Nh5 5. Bg5 h6 6. Bh4 g5 7. Bg3 Nxg3 8. hxg3 f6 9. c4 e6 10. c5 c6 11. Bd3 Bxd3 12. Qxd3 Nd7 13. Qg6+ Ke7 14. Qd3 b6 15. cxb6 Qxb6 16. Qc3 Kf7 17. a3 a5 18. 0-0 c5 19. dxc5 Bxc5 20. Nbd2 Rhc8 21. Qb3 Qd6 22. Qd3 Kg7 23. Nd4 Ne5 24. Qe2 Qb6 25. N2f3 Nxf3+ 26. Nxf3 Rab8 27. Rab1 Qb5 28. Qxb5 Rxb5 29. Nd4 Bxd4 30. exd4 Rc2 31. b3 Rc3 32. Rfe1 Kf7 33. Rbc1 Rbxb3 34. a4 f5 35. Rxc3 Rxc3 36. Rb1 Rc4 37. Rb7+ Kf6 38. f4 Rxd4 39. fxg5+ hxg5 40. Rb8 Rxa4 41. Rf8+ Ke5 0-1

[Event "GER-ch Seniors 18th"]
[Site "Dresden"]
[Date "2006.07.30"]
[Round "9"]
[White "Vaskovitch, Mark"]
[Black "Dresig, Hans"]
[Result "1-0"]
[WhiteElo "1836"]
[BlackElo "1747"]
[PlyCount "159"]
[EventDate "2006.07.22"]
[EventType "swiss"]
[EventRounds "9"]
[EventCountry "GER"]
[SourceTitle "EXT 2022"]
[Source "ChessBase"]
[SourceDate "2021.10.06"]
[SourceVersion "1"]
[SourceVersionDate "2021.10.06"]
[SourceQuality "1"]

1. e4 d5 2. exd5 Qxd5 3. Nc3 Qd8 4. Nf3 Bg4 5. Be2 Nf6 6. 0-0 e6 7. h3 Bf5 8. d3 Bd6 9. Be3 Nbd7 10. Nb5 a6 11. Nxd6+ cxd6 12. Nh4 Bg6 13. Nxg6 hxg6 14. Bg5 Qc7 15. c3 Nh5 16. Qb3 Nc5 17. Qc2 f6 18. d4 0-0-0 19. Be3 Nd7 20. Qxg6 Nf8 21. Qd3 d5 22. Rfc1 Nf4 23. Bxf4 Qxf4 24. Qe3 Qxe3 25. fxe3 Kb8 26. c4 e5 27. c5 e4 28. c6 Ne6 29. Bg4 Rd6 30. cxb7 Kxb7 31. Bxe6 Rxe6 32. Rc5 Rd6 33. Rac1 Rd7 34. b4 Rf8 35. a4 f5 36. Rf1 Rf6 37. g3 g6 38. Kg2 Rb6 39. b5 Rbd6 40. h4 Rh7 41. Rfc1 Rf7 42. Rc6 Rff6 43. bxa6+ Ka7 44. R6c5 Rxa6 45. a5 Rad6 46. Rc7+ Ka6 47. R1c5 g5 48. hxg5 Rg6 49. Kf2 Rxg5 50. R7c6+ Rxc6 51. Rxc6+ Kxa5 52. Rc5+ Kb4 53. Rxd5 Kc4 54. Rc5+ Kd3 55. Ra5 Rh5 56. Ra3+ Kc4 57. Kg2 Kd5 58. Ra1 Rg5 59. Rc1 Rh5 60. Rh1 Rg5 61. Kf2 Rg7 62. Rc1 Rh7 63. Kg2 Ra7 64. Rc2 Ra1 65. g4 fxg4 66. Kg3 Rg1+ 67. Rg2 Re1 68. Kf4 Rf1+ 69. Kxg4 Kc4 70. Rh2 Kd3 71. Rh3 Rf2 72. Rg3 Ra2 73. Kf5 Rf2+ 74. Ke5 Rf3 75. Rg2 Rxe3 76. d5 Rh3 77. d6 e3 78. d7 Rh5+ 79. Kd6 Rh6+ 80. Kc7 1-0

[Event "GER-ch Seniors 18th"]
[Site "Dresden"]
[Date "2006.07.29"]
[Round "8"]
[White "Hunold, Rolf"]
[Black "Vaskovitch, Mark"]
[Result "1-0"]
[WhiteElo "2020"]
[BlackElo "1836"]
[PlyCount "91"]
[EventDate "2006.07.22"]
[EventType "swiss"]
[EventRounds "9"]
[EventCountry "GER"]
[SourceTitle "EXT 2022"]
[Source "ChessBase"]
[SourceDate "2021.10.06"]
[SourceVersion "1"]
[SourceVersionDate "2021.10.06"]
[SourceQuality "1"]

1. c4 Nf6 2. Nf3 e6 3. b3 g6 4. Bb2 Bg7 5. g3 0-0 6. Bg2 c6 7. 0-0 d5 8. d4 Nbd7 9. Nbd2 Ne4 10. Nxe4 dxe4 11. Ne5 f5 12. f4 Qc7 13. Qc2 Nf6 14. h3 Rd8 15. e3 Ne8 16. Rfd1 b6 17. Rd2 Bb7 18. Rad1 Bxe5 19. dxe5 Rxd2 20. Qxd2 Rc8 21. Bf1 a5 22. Bc3 c5 23. Be2 Bc6 24. Kf2 Kf7 25. g4 Ke7 26. gxf5 exf5 27. Kg3 Rd8 28. Qe1 Rxd1 29. Bxd1 Ke6 30. Be2 Qe7 31. h4 h5 32. a3 Kf7 33. b4 axb4 34. axb4 Qa7 35. Qd2 Ke6 36. Kf2 Qe7 37. Kg3 Qd7 38. Qb2 Ba4 39. bxc5 bxc5 40. Qa1 Bc2 41. Qa6+ Kf7 42. Qa8 Bd1 43. e6+ Qxe6 44. Qb7+ Kf8 45. Bxd1 Qxc4 46. Bb3 1-0

[Event "GER-ch Seniors-A 17th"]
[Site "Essen"]
[Date "2005.08.20"]
[Round "1"]
[White "Vaskovitch, Mark"]
[Black "Walter, Guenter"]
[Result "1/2-1/2"]
[WhiteElo "2021"]
[BlackElo "2263"]
[PlyCount "57"]
[EventDate "2005.08.20"]
[EventType "swiss"]
[EventRounds "9"]
[EventCountry "GER"]
[SourceTitle "CBM 108 Extra"]
[Source "ChessBase"]
[SourceDate "2005.11.04"]
[SourceVersion "1"]
[SourceVersionDate "2005.11.04"]
[SourceQuality "1"]

1. e4 c5 2. f4 e6 3. Nf3 d5 4. exd5 exd5 5. Bb5+ Nc6 6. 0-0 Bd6 7. d3 Nge7 8. Bxc6+ bxc6 9. Bd2 0-0 10. Nc3 Nf5 11. Qe1 Re8 12. Qf2 Qf6 13. Rab1 Nd4 14. Nxd4 cxd4 15. Ne2 Bg4 16. Ng3 g6 17. Rbe1 h5 18. h3 Bd7 19. Nh1 Rxe1 20. Rxe1 Re8 21. Rxe8+ Bxe8 22. Qf3 Bd7 23. Nf2 Qh4 24. g3 Qe7 25. Kg2 f5 26. Qd1 Qe6 27. h4 Qe7 28. Qe1 Qxe1 29. Bxe1 1/2-1/2

[Event "GER-chA Seniors 16th"]
[Site "Templin"]
[Date "2004.09.09"]
[Round "6"]
[White "Vaskovitch, Mark"]
[Black "Semmler, Guenter"]
[Result "0-1"]
[WhiteElo "1814"]
[BlackElo "1960"]
[PlyCount "62"]
[EventDate "2004.09.04"]
[EventType "swiss"]
[EventRounds "9"]
[EventCountry "GER"]
[SourceTitle "EXT 2005"]
[Source "ChessBase"]
[SourceDate "2004.11.15"]
[SourceVersion "1"]
[SourceVersionDate "2004.11.15"]
[SourceQuality "1"]

1. e4 c6 2. f4 d5 3. exd5 cxd5 4. d4 Nf6 5. Nf3 Nc6 6. c3 Bf5 7. Bd3 Bxd3 8. Qxd3 e6 9. 0-0 Be7 10. Ne5 0-0 11. Nd2 Rc8 12. Ndf3 Ne4 13. Nd2 f5 14. Rf3 Nxe5 15. fxe5 Qe8 16. Nf1 b5 17. a3 a5 18. Bd2 a4 19. Rh3 Rb8 20. Qe2 Rb7 21. Rd1 Bd8 22. Qh5 Qxh5 23. Rxh5 f4 24. Rh3 Rbf7 25. Be1 Ng5 26. Rhd3 f3 27. gxf3 Nxf3+ 28. Kg2 Nxe1+ 29. Rxe1 Rf2+ 30. Kg1 Rxb2 31. Rd2 Rxf1+ 0-1

[Event "GER North-ch Seniors 6th"]
[Site "Bad Bevensen"]
[Date "2003.06.27"]
[Round "7"]
[White "Neubert, Gerhard"]
[Black "Vaskovitch, Mark"]
[Result "1-0"]
[WhiteElo "1994"]
[BlackElo "1693"]
[PlyCount "56"]
[EventDate "2003.06.??"]
[EventType "swiss"]
[EventRounds "9"]
[EventCountry "GER"]
[SourceTitle "EXT 2006"]
[Source "ChessBase"]
[SourceDate "2005.11.24"]
[SourceVersion "1"]
[SourceVersionDate "2005.11.24"]
[SourceQuality "1"]

1. e4 e6 2. Qe2 Nc6 3. Nf3 Bc5 4. c3 d5 5. exd5 Qxd5 6. d4 Be7 7. g3 Nf6 8. Bg2 Qh5 9. a3 Qa5 10. 0-0 0-0 11. a4 Nd8 12. b4 Qa6 13. b5 Qa5 14. Ne5 c6 15. bxc6 bxc6 16. Bxc6 Ba6 17. Bb5 Bb7 18. Bf4 Nd5 19. Bd2 Qc7 20. c4 Nf6 21. Bf4 Qc8 22. a5 a6 23. Ba4 Rb8 24. Nd2 Ba8 25. d5 Rb4 26. Nd3 Rxa4 27. Rxa4 Qb7 28. Raa1 exd5 1-0